<?xml version="1.0" encoding="UTF-8"?>
<collection xmlns="http://www.loc.gov/MARC21/slim">
 <record>
  <leader>01835pamaa2200205   4500</leader>
  <controlfield tag="001">0000050321</controlfield>
  <controlfield tag="005">20120712090000.0</controlfield>
  <datafield tag="020" ind1="0" ind2="0">
   <subfield code="a">9780071622974 / 007162297 </subfield>
  </datafield>
  <datafield tag="090" ind1="0" ind2="0">
   <subfield code="a">TH7345 </subfield>
   <subfield code="b">HAI 2010</subfield>
  </datafield>
  <datafield tag="100" ind1="1" ind2="0">
   <subfield code="a">Haines </subfield>
  </datafield>
  <datafield tag="245" ind1="1" ind2="0">
   <subfield code="a">HVAC Systems design handbook  </subfield>
   <subfield code="c">Roger W. Haines and Michael E. Myers.</subfield>
  </datafield>
  <datafield tag="250" ind1="0" ind2="0">
   <subfield code="a">5th ed.</subfield>
  </datafield>
  <datafield tag="260" ind1="0" ind2="0">
   <subfield code="a">Taipei: </subfield>
   <subfield code="b">McGraw-Hill, </subfield>
   <subfield code="c">2010.</subfield>
  </datafield>
  <datafield tag="300" ind1=" " ind2=" ">
   <subfield code="a">xvi, 560p.: </subfield>
   <subfield code="b">ill.; </subfield>
   <subfield code="c">24cm.</subfield>
  </datafield>
  <datafield tag="504" ind1="0" ind2="0">
   <subfield code="a">Includes bibliographical references and index</subfield>
  </datafield>
  <datafield tag="505" ind1="0" ind2="0">
   <subfield code="a">HVAC engineering equations for daily use -- HVAC engineering fundamentals : part 1 -- HVAC engineeringfundamentals : part 2 -- Design procedures : part 1 : load calculations -- Design procedures : part 2 : general concepts for equipment selection -- Design procedures : part 3 : air handling systems -- Design procedures : part 4 : fluid handling systems -- Design procedures : part 5 : central plants -- Design procedures : part 6 : automatic controls --&#13;
 Equipment : part 1 : cooling -- Equipment : part 2 : heating -- Equipment : part 3 : air-handling systems -- Electrical features of HVAC systems -- Design documentation : drawings and specifications -- After design : through construction to operation -- Technical report writing -- Engineering fundamentals : part 1 : fluid mechanics -- Engineering fundamentals : part 2 : thermodynamics -- Engineering fundamentals : part 3 : heat transfer -- Engineering fundamentals : part 4 : psychrometrics -- Engineering fundamentals : part 5 : sound and vibration -- Indoor air quality (IAQ) -- Sustainable HVAC systems -- Smoke management.</subfield>
  </datafield>
  <datafield tag="650" ind1="0" ind2="0">
   <subfield code="a">Air conditioning -- </subfield>
   <subfield code="x">Equipment and supplies -- </subfield>
   <subfield code="x">Design and construction </subfield>
  </datafield>
  <datafield tag="650" ind1="0" ind2="0">
   <subfield code="a">Heating -- </subfield>
   <subfield code="x">Equipment and supplies -- </subfield>
   <subfield code="x">Design construction </subfield>
  </datafield>
  <datafield tag="650" ind1="0" ind2="0">
   <subfield code="a">Ventilation -- </subfield>
   <subfield code="x">Equipment and supplies -- </subfield>
   <subfield code="x">Design construction </subfield>
  </datafield>
  <datafield tag="700" ind1="1" ind2="1">
   <subfield code="a">Myers, </subfield>
   <subfield code="h">Michael E. </subfield>
  </datafield>
 </record>
</collection>
